Szczegóły MARC21

Z literatury niemieckiej : doświadczenia, inspiracje, propozycje /

003 -Nazwa inst., której nr kontr. jest w polu 001 [,]
    • @
    • Nazwa instytucji, której n kontrolny jest w polu 001
    • NUKAT
005 -DATA I CZAS OSTATNIEJ MODYFIKACJI [,]
    • @
    • pole kontrolne
    • 20241231115749.0
040 -Instytucja sporządzająca opis [ , ]
    • a
    • Instytucja, która sporządziła opis (NP)
    • TOR U/elc
    • c
    • Instytucja, która sporządziła rekord (NP)
    • TOR U/AKr
    • d
    • Instytucja, która zmodyfikowała rekord (P)
    • TOR U/LF
    • d
    • Instytucja, która zmodyfikowała rekord (P)
    • Ł U/RRs
942 -Rodzaj dokumentu [ , ]
    • c
    • Rodzaj dokumentu
    • Książka
100 -Hasło główne - nazwa osobowa [1, ]
    • a
    • Nazwa osobowa (NP)
    • Honsza, Norbert
    • d
    • Daty biograficzne (NP)
    • (1933-2020).
    • 9
    • KHW
    • 15595
245 -Strefa tytułu i oznaczenia odpowiedzialności [1,0]
    • a
    • Tytuł
    • Z literatury niemieckiej : Find
    • b
    • Ciąg dalszy tytułu (NP)
    • doświadczenia, inspiracje, propozycje / Find
    • c
    • Pozostałe elementy strefy tytułu i oznaczenia odpowiedzialności (NP)
    • Norbert Honsza.
260 -Strefa adresu wydawniczego [ , ]
    • a
    • Miejsce wydania (P)
    • Katowice :
    • b
    • Nazwa wydawcy (P)
    • Wydawnictwo "Śląsk",
    • c
    • Data wydania (P)
    • 1970.
300 -Strefa opisu fizycznego [ , ]
    • a
    • Określenie formy książki i/lub objętość (NP)
    • 190, [2] s. :
    • b
    • Oznaczenie ilustracji (NP)
    • err. ;
    • c
    • Format (NP)
    • 20 cm.
336 -Typ zawartości [ , ]
    • a
    • Termin opisujący typ zawartości
    • Tekst
    • b
    • Kod określający zawartość
    • txt
    • 2
    • Źródło (terminu i kodu)
    • rdacontent
337 -Typ mediów [ , ]
    • a
    • Tryb odtwarzania
    • Bez urządzenia pośredniczącego
    • b
    • Kod typu mediów
    • n
    • 2
    • Źródło (terminu i kodu)
    • rdamedia
338 -Typ/rodzaj nośnika [ , ]
    • a
    • Hasło opisujące typ nośnika
    • Wolumin
    • b
    • Kod typu nośnika
    • nc
    • 2
    • Źródło (terminu i kodu)
    • rdacarrier
504 -Uwaga dot. bibliogr. załącznikowej [ , ]
    • a
    • Uwaga dot. bibliografii załącznikowej
    • Plon dwudziestolecia powojennego: zestawienie bibliogr. s. 174-191.
080 -Uniwersalna Klasyfikacja Dziesiętna [ , ]
    • 2
    • Identyfikator wydania tablic
    • UDC-P058
    • 9
    • UKD
    • 8905
    • a
    • Symbol klasyfikacji
    • 821.162.1-4
    • b
    • Dopowiedzenie
    • Literatura polska - Szkice, eseje.
    • 4
    • UKD2
    • 8230
    • x
    • Poddział wspólny
    • "19"
    • c
    • Dopowiedzenie poddz. wspólnego
    • Wiek XX.
650 -Hasło przedmiotowe [ ,7]
    • a
    • Hasło przedmiotowe
    • Literatura niemiecka
    • x
    • Określnik rzeczowy
    • tłumaczenia polskie
    • v
    • Określnik formalny
    • bibliografia.
    • 2
    • Źródło terminu
    • kaba
    • 9
    • KHW
    • 375135
650 -Hasło przedmiotowe [ ,7]
    • a
    • Hasło przedmiotowe
    • Literatura niemieckojęzyczna
    • y
    • Określnik chronologiczny
    • 1945-
    • x
    • Określnik rzeczowy
    • historia i krytyka.
    • 2
    • Źródło terminu
    • kaba
    • 9
    • KHW
    • 375132
650 -Hasło przedmiotowe [ ,7]
    • a
    • Hasło przedmiotowe
    • Literatura niemieckojęzyczna
    • y
    • Określnik chronologiczny
    • 1945-
    • x
    • Określnik rzeczowy
    • recepcja
    • z
    • Określnik geograficzny
    • Polska.
    • 2
    • Źródło terminu
    • kaba
    • 9
    • KHW
    • 375136
655 -Hasło w funkcji tematu formalnego [ ,7]
    • a
    • Hasło
    • Eseje polskie
    • y
    • Określnik chronologiczny
    • 1945-1970.
    • 2
    • Źródło terminu
    • kaba
    • 9
    • KHW
    • 350700
980 -Symbol UKD [ , ]
    • a
    • UKD
    • 821.162.1-4"19"
710 -Hasło dodatkowe - nazwa ciała zbiorowego [2, ]
    • a
    • Nazwa ciała zbiorowego lub nazwa geograficzna jako pierwszy element (NP)
    • Wydawnictwo "Śląsk".
    • 4
    • Kod relacji
    • pbl
    • 9
    • KHW
    • 56371
Sygnatura Status udost. Lokalizacja Data inwentaryzacji Uwagi nie widoczne w OPAC Numer inwentarzowy
W.5499-3BG retrokonwersjaW.5499
W.5500-3BG retrokonwersjaW.5500
W.55012BG retrokonwersjaW.5501
W.55022BG retrokonwersjaW.5502
W.55032BG retrokonwersjaW.5503
Z.22881BG retrokonwersjaZ.2288
Germ. Literaturozn. – niem. 18-3BM2019-02-12 G.19915
 1BM  G.2817
 1BM  G.2818
 1BM  G.2819